00213nam a22000857a 4500082001100000100001600011245006300027260002300090650001400113 a535.84 aBandarage,G aUnderstanding the basics of molecular spectroscopy -Unit 1 aNawalabOUSLc2010 achemistry